000 00418nam a2200145Ia 4500
008 211109s9999||||xx |||||||||||||| ||und||
082 _a821
_bPRI-P
100 _aPrior, Mathew
245 0 _aPoetical Works of Mathew Prior
260 _bBell and Daldy York Street
_aLondon
_c1900
300 _a328p.
630 _xGeneral Stack
650 _aEnglish & Old English literatures
_vEnglish poetry
_xLiterature
942 _cBOOK
999 _c2031
_d2031